The book of Joshua

Gespeichert in:
Bibliographische Detailangaben
1. Verfasser: Woudstra, Marten H.
Format: Buch
Sprache:Spanisch
Veröffentlicht: Michigan William B. Eerdmans 1981
Schlagworte:
Tags: Tag hinzufügen
Keine Tags, Fügen Sie den ersten Tag hinzu!

MARC

LEADER 00000nam a22000005a 4500
003 CL-ChBUA
005 20171004115011.0
007 ta
008 080421s1981 xxu||||| |||| 000 ||spa
020 |a 0802823564 
040 |a CL-ChBUA  |c CL-ChBUA  |e rda 
082 0 0 |a 222.2077 
100 1 |a Woudstra, Marten H. 
245 1 0 |a The book of Joshua 
260 |a Michigan  |b William B. Eerdmans  |c 1981 
300 |a 396 p.  |c 22 cm. 
504 |a Indice 
630 4 |a BIBLIA  |x ANTIGUO TESTAMENTO  |x JOSUE  |x COMENTARIOS 
942 |c LIB  |2 ddc 
945 |0 nac 
952 |0 0  |1 0  |2 ddc  |4 0  |6 222_207700000000000_W_938  |7 0  |9 55992  |a UNACH  |b UNACH  |c 200  |d 2008-04-21  |i 43991  |l 0  |o 222.2077 / W 938  |p 57078  |r 2026-04-02 20:52:52  |u 55992  |w 2012-08-08  |y LIB 
999 |c 23040  |d 23040